Sustainable development, governance, globalization : (Record no. 705)
[ view plain ]
| 000 -LEADER | |
|---|---|
| fixed length control field | 00814nam a22002052 4500 |
| 001 - CONTROL NUMBER | |
| control field | 0000007215 |
| 005 - DATE AND TIME OF LATEST TRANSACTION | |
| control field | 20151021151112.0 |
| 008 - FIXED-LENGTH DATA ELEMENTS--GENERAL INFORMATION | |
| fixed length control field | 071201s xx 000 0 eng d |
| 020 ## - INTERNATIONAL STANDARD BOOK NUMBER | |
| Terms of availability | KES |
| 040 ## - CATALOGING SOURCE | |
| Original cataloging agency | KABU |
| Transcribing agency | KABU |
| 111 2# - MAIN ENTRY--MEETING NAME | |
| Meeting name or jurisdiction name as entry element | Sustainable Development, Governance and Globalisation: An African Forum for Strategic Thinking Towards the Earth Summit 2002 and Beyond |
| Location of meeting | Nairobi : |
| Date of meeting | 2001. |
| -- | 0000158357 |
| 245 10 - TITLE STATEMENT | |
| Title | Sustainable development, governance, globalization : |
| Remainder of title | African perspective. |
| 260 ## - PUBLICATION, DISTRIBUTION, ETC. (IMPRINT) | |
| Place of publication, distribution, etc. | Nairobi : |
| Name of publisher, distributor, etc. | Heinrich Boll Foundation, |
| Date of publication, distribution, etc. | 2002. |
| 300 ## - PHYSICAL DESCRIPTION | |
| Extent | 189 p. |
| 650 #0 - SUBJECT ADDED ENTRY--TOPICAL TERM | |
| Topical term or geographic name as entry element | Sustainable development |
| Form subdivision | Congresses |
| Geographic subdivision | Africa. |
| -- | 0000158358 |
| 908 ## - PUT COMMAND PARAMETER (RLIN) | |
| Put command parameter | 071201 |
| 950 ## - LOCAL HOLDINGS (RLIN) | |
| -- | 1 |
| Withdrawn status | Lost status | Source of classification or shelving scheme | Not for loan | Home library | Current library | Date acquired | Total Checkouts | Full call number | Barcode | Date last seen | Price effective from | Koha item type |
|---|---|---|---|---|---|---|---|---|---|---|---|---|
| Library of Congress Classification | Kabarak, Nakuru City Campus | Kabarak, Nakuru City Campus | 21/10/2015 | HC800 .Z9E5S87 c.1 | 011427 | 21/10/2015 | 21/10/2015 | General Collection | ||||
| Library of Congress Classification | Kabarak, Nakuru City Campus | Kabarak, Nakuru City Campus | 21/10/2015 | HC800 .Z9E5S87 c.2 | 22195 | 21/10/2015 | 21/10/2015 | General Collection |